[Event "Superbet Rapid GCT 2019"]
[Site "Bucharest"]
[Date "2019.11.07"]
[Round "6.3"]
[White "Giri, Anish"]
[Black "Anand, Viswanathan"]
[Result "1/2-1/2"]
[WhiteElo "2780"]
[BlackElo "2765"]
[Annotator "TA"]
[PlyCount "77"]
[EventDate "2019.11.06"]
[EventType "tourn"]
[EventCountry "ROU"]
[SourceTitle "playchess.com"]
[Source "ChessBase"]
[SourceQuality "1"]

{[%evp 23,77,0,0,-4,14,6,27,24,36,27,40,39,38,35,33,33,33,33,30,33,37,31,40,0,0,0,0,0,0,0,20,16,4,0,1,2,9,0,0,0,0,0,0,0,0,0,0,0,0,-15,-8,-8,-8,-12,-10,-8]} 1. d4 Nf6 2. c4 e6 3. Nf3 d5 4. g3 Bb4+ 5. Bd2 Be7 6. Bg2 O-O 7. O-O Nbd7 8. Qc2 c6 9. Bf4 b6 10. cxd5 cxd5 11. Rc1 Bb7 12. Bc7 Qe8 13. Qb3 {E08: Closed Catalan: Main Line: 7 Qc2} Rc8 (13... Nb8 14. a4 Ne4 15. Nc3 Nxc3 16. Rxc3 Na6 17. Bf4 Bb4 18. Rc2 Qe7 19. Rac1 Rac8 20. Ne5 Rxc2 21. Qxc2 {½-½ (48) Ding,L (2812)-Karjakin,S (2753) Astana 2019}) 14. Na3 Ba6 15. Nb5 {White has an edge.} Bxb5 16. Qxb5 Nc5 17. Qxe8 Rfxe8 18. Bf4 $146 ({Predecessor:} 18. dxc5 Rxc7 19. cxb6 Rxc1+ 20. Rxc1 axb6 {1-0 (59) Lei,T (2497)-Song,Y (2305) China 2019}) 18... Na4 19. Rxc8 Rxc8 20. Rc1 Rxc1+ 21. Bxc1 Nd7 22. Ne1 f5 23. e4 dxe4 {The position is equal.} 24. Bf1 {[#] Strongly threatening Bb5.} b5 $1 {[%mdl 512]} 25. Bxb5 {[%mdl 64] Double Attack} Nab6 26. f3 Bf6 27. Nc2 exf3 28. a4 {[#] And now a5 would win.} a6 29. Bxa6 {aiming for Bb5.} Nxa4 30. Bc4 Kf7 31. Kf2 Nab6 32. Bb3 Ke7 33. Kxf3 Nd5 34. Bc4 g5 35. g4 f4 36. b4 N7b6 37. Bd3 h6 38. b5 Kd7 39. Ba3 {Accuracy: White = 79%, Black = 54%.} 1/2-1/2

[Event "Superbet Rapid GCT 2019"]
[Site "Bucharest"]
[Date "2019.11.07"]
[Round "6.4"]
[White "Caruana, Fabiano"]
[Black "Artemiev, Vladislav"]
[Result "0-1"]
[WhiteElo "2812"]
[BlackElo "2746"]
[Annotator "TA"]
[PlyCount "58"]
[EventDate "2019.11.06"]
[EventType "tourn"]
[EventCountry "ROU"]
[SourceTitle "playchess.com"]
[Source "ChessBase"]
[SourceQuality "1"]

{[%evp 9,60,6,18,12,13,5,8,14,17,12,9,13,10,3,18,14,15,12,38,0,0,0,23,0,0,-11,0,0,0,-11,-12,-108,-106,-103,-118,-107,-107,-117,-109,-177,-177,-358,-391,-360,-318,-792,-629,-675,-640,-5731,-5306,-5632,-5612]} 1. c4 e5 2. Nc3 Bb4 3. Nd5 Bc5 4. e3 Nf6 5. d4 (5. b4 Be7 6. Bb2 Nxd5 7. cxd5 d6 8. Ne2 O-O 9. g3 a5 10. b5 a4 11. Bg2 Qe8 12. Nc3 f5 {0-1 (32) Tomashevsky,E (2705)-Saric,I (2695) St Petersburg 2018}) 5... Nxd5 6. dxc5 {A21: English Opening: 1...e5 2 Nc3} Nf6 7. b4 Qe7 8. Bb2 $146 {The position is equal.} ({Predecessor:} 8. a3 O-O 9. Bb2 b6 10. cxb6 axb6 11. Nf3 d6 12. Be2 Bb7 {1-0 (63) Eliseev,A (2300)-Bryzgalin,K (2335) Sochi 1998}) 8... O-O 9. Nf3 d6 10. cxd6 cxd6 11. Be2 Bg4 12. O-O Nbd7 13. h3 Bh5 14. Qb3 (14. g4 $5 {[%cal Rg4h5]} Bg6 15. Nh4 $11) 14... a5 15. a3 Rfc8 16. Rac1 h6 17. Rfd1 axb4 18. axb4 Qe6 19. Qc3 Nb6 {[%cal Bd7b6,Bb6c4,Bc4d2][%mdl 32]} 20. Ba1 {[#]} (20. Qc2 $11) 20... Ra2 $1 $17 {[%cal Ra2e2]} 21. Rc2 Rxc2 22. Qxc2 Nxc4 23. Qa2 Ne4 24. Qa7 {[#]} (24. Re1 $17 {might work better.}) 24... Ncd2 $1 $19 {[%cal Rd2f3]} 25. Nd4 $2 (25. Ng5 {was forced.} Qf5 26. Nxe4 Nxe4 27. f3) 25... Qf6 (25... exd4 $2 26. Qxd4 f6 27. Bxh5 $19) 26. f3 exd4 27. Qxb7 $2 (27. Qxd4 Rc2 28. Qxf6 Nxf6 29. Bd3) 27... Rc2 {Black is clearly winning.} 28. Qa8+ Kh7 29. Bd3 {[#]} Bxf3 {Played: Qf6-g6} 0-1

[Event "Superbet Rapid GCT 2019"]
[Site "Bucharest"]
[Date "2019.11.07"]
[Round "6.5"]
[White "Karjakin, Sergey"]
[Black "Le, Quang Liem"]
[Result "1/2-1/2"]
[WhiteElo "2760"]
[BlackElo "2708"]
[Annotator "TA"]
[PlyCount "49"]
[EventDate "2019.11.06"]
[EventType "tourn"]
[EventCountry "ROU"]
[SourceTitle "playchess.com"]
[Source "ChessBase"]
[SourceQuality "1"]

{[%evp 16,49,21,0,0,0,0,0,0,-6,0,0,0,0,0,0,0,0,0,0,0,0,0,0,5,5,5,5,5,5,5,5,27,27,27,26]} 1. Nf3 d5 2. d4 Nf6 3. e3 e6 4. Bd3 b6 5. O-O Bb7 6. b3 Be7 7. Bb2 O-O 8. Nbd2 Nbd7 9. Ne5 Nxe5 {D05: Colle System with ...e6} (9... Ne4 10. Nxd7 Qxd7 11. f3 Nxd2 12. Qxd2 f5 13. f4 c5 14. Rad1 Rac8 15. c4 Rfd8 16. Qe2 Qe8 {½-½ (16) Starostits,I (2458)-Strikovic,A (2488) Elgoibar 2018}) 10. dxe5 Ne4 11. Nxe4 dxe4 {The position is equal.} 12. Bc4 Qxd1 13. Rfxd1 Rfd8 14. Kf1 Kf8 15. a4 a5 16. Ke2 Rxd1 $146 ({Predecessor:} 16... Bc5 17. Rxd8+ Rxd8 18. Rd1 Rxd1 19. Kxd1 Ke7 20. Ke2 {½-½ (20) Koerber,T (1891)-Hein,M (1970) Mittelfranken 2008}) 17. Rxd1 Rd8 18. Rxd8+ Bxd8 $11 {[%mdl 4096] Endgame KBB-KBB} 19. Ba3+ Be7 20. Bxe7+ Kxe7 21. Kd2 f6 22. exf6+ gxf6 23. Kc3 c5 24. Bb5 Kd6 25. g3 1/2-1/2

[Event "Superbet Rapid GCT 2019"]
[Site "Bucharest"]
[Date "2019.11.08"]
[Round "7.1"]
[White "Artemiev, Vladislav"]
[Black "Karjakin, Sergey"]
[Result "0-1"]
[WhiteElo "2746"]
[BlackElo "2760"]
[Annotator "TA"]
[PlyCount "42"]
[EventDate "2019.11.06"]
[EventType "tourn"]
[EventCountry "ROU"]
[SourceTitle "playchess.com"]
[Source "ChessBase"]
[SourceQuality "1"]

{[%evp 11,78,0,0,0,-5,-5,20,14,14,5,4,0,17,18,10,17,17,0,0,-23,0,0,0,0,0,0,0,-4,5,5,4,-20,0,0,0,0,0,0,18,0,0,0,0,0,0,0,0,0,0,0,0,0,0,-335,-352,-444,-445,-437,-436,-426,-422,-419,-420,-482,-475,-475,-467,-467,-464]} 1. c4 Nf6 2. Nc3 e5 3. g3 Bb4 4. Bg2 O-O 5. e4 Bxc3 6. bxc3 c6 7. Nf3 {A22: English Opening: 1...e5 2 Nc3 Nf6} (7. Ne2 d5 8. cxd5 cxd5 9. exd5 Nxd5 10. O-O Nc6 11. Rb1 Nb6 12. d4 Be6 13. Ba3 Re8 14. dxe5 Bc4 15. Re1 Rxe5 {½-½ (32) Bareev,E (2643)-Kasimdzhanov,R (2657) Khanty-Mansiysk 2019}) 7... Nxe4 8. O-O d5 9. cxd5 $146 {The position is equal.} ({Predecessor:} 9. Nxe5 Re8 10. d4 f6 11. Qb3 fxe5 12. cxd5 Qxd5 13. Bxe4 Qxb3 14. axb3 exd4 15. Re1 Be6 16. cxd4 Nd7 17. Bc2 {½-½ (17) Beecham,C (2496)-Ruefenacht,M (2437) ICCF email 2011}) 9... cxd5 10. Nxe5 Re8 11. Nd3 Nc6 12. Nf4 Nf6 13. Qb3 {[%cal Rf4d5]} Na5 14. Qb5 Bd7 15. Qd3 a6 {White must now prevent ...Bb5.} 16. Qc2 Rc8 17. d3 Bf5 18. Qd2 Nc6 19. Bb2 h6 20. Rfe1 Qa5 21. a3 g5 {Played: Nc6-d4} 0-1

[Event "Superbet Rapid GCT 2019"]
[Site "Bucharest"]
[Date "2019.11.08"]
[Round "7.2"]
[White "Mamedyarov, Shakhriyar"]
[Black "Giri, Anish"]
[Result "1-0"]
[WhiteElo "2767"]
[BlackElo "2780"]
[Annotator "TA"]
[PlyCount "83"]
[EventDate "2019.11.06"]
[EventType "tourn"]
[EventCountry "ROU"]
[SourceTitle "playchess.com"]
[Source "ChessBase"]
[SourceQuality "1"]

{[%evp 17,83,33,43,8,20,19,27,15,14,0,44,43,52,52,49,44,45,18,27,16,23,30,53,54,67,65,87,77,120,116,154,144,120,118,135,126,175,131,125,132,318,307,366,359,333,296,340,308,326,290,368,290,318,0,283,247,279,267,246,226,438,431,403,353,449,443,3354,3141]} 1. d4 Nf6 2. c4 e6 3. Nc3 Bb4 4. Qc2 d5 5. cxd5 exd5 6. Bg5 h6 7. Bh4 c5 8. dxc5 g5 9. Bg3 Ne4 10. Bxb8 {E35: Nimzo-Indian: Classical: 4...d5 5 cxd5 exd5} Bxc3+ 11. bxc3 {[#] Black must now prevent Be5.} Rxb8 12. Qa4+ {White has an edge.} Ke7 13. Qd4 {[#]} b6 $146 ({Predecessor:} 13... Be6 14. f3 Nf6 15. e3 Qc7 16. Bd3 Rhc8 17. Ne2 Qxc5 18. Kf2 {½-½ (18) Erdos,V (2608)-Naiditsch,A (2707) Sibenik 2011}) 14. c6 Be6 15. e3 $36 {[%mdl 2048] White fights for an advantage.} Qd6 16. f3 Nc5 17. Ne2 Qxc6 18. Qd2 Qd6 19. Nd4 Bd7 20. Bb5 Kf8 21. Bxd7 Qxd7 22. O-O Rg8 23. Rad1 Rd8 24. g4 h5 {[#]} 25. Nf5 $1 ({Don't do} 25. gxh5 $6 Qh3 $14) 25... hxg4 26. fxg4 Qa4 27. h3 Rh8 28. Qh2 {And now Qe5! would win.} Ne6 $2 (28... Rh7 $16 {might work better.}) 29. Nd6 $18 Nf4 30. exf4 Rxd6 31. fxg5 Qc6 32. Rf3 Rh7 33. Rdf1 Qc5+ 34. Kh1 {Threatens to win with g6!} Qc6 35. Kg1 $2 (35. Kg2 $18) 35... Kg8 $2 {[%mdl 8192]} (35... Qc5+ $11 36. R1f2 Qc6) 36. R1f2 Rg7 37. Rf6 Re6 38. Qf4 {Hoping for g6.} Qxc3 $2 (38... Qe8 {keeps fighting.} 39. Rxe6 Qxe6) 39. Qb8+ ({Less strong is} 39. Rxe6 fxe6 40. g6 Qc8 $16) 39... Kh7 40. Rxf7 Reg6 41. Rf8 {[%csl Gb8][%cal Rf8h8]} Qe1+ (41... Re7 $142 42. h4 Qd4) 42. Kh2 {Accuracy: White = 73%, Black = 28%.} 1-0

[Event "Superbet Rapid GCT 2019"]
[Site "Bucharest"]
[Date "2019.11.08"]
[Round "7.3"]
[White "Anand, Viswanathan"]
[Black "Caruana, Fabiano"]
[Result "1-0"]
[WhiteElo "2765"]
[BlackElo "2812"]
[Annotator "TA"]
[PlyCount "67"]
[EventDate "2019.11.06"]
[EventType "tourn"]
[EventCountry "ROU"]
[SourceTitle "playchess.com"]
[Source "ChessBase"]
[SourceQuality "1"]

{[%evp 10,67,34,40,37,6,15,13,23,8,6,16,24,0,22,16,39,23,63,66,57,62,109,93,123,97,93,80,85,74,68,76,68,68,70,70,70,75,79,81,86,68,83,71,98,98,95,91,95,95,175,172,659,659,666,666,987,972,1391,1333]} 1. e4 e5 2. Nf3 Nc6 3. Bc4 Nf6 4. d3 h6 5. c3 d6 6. Nbd2 g5 {C55: Two Knights: 4 d3, 4 d4 exd4 5 e5 and Max Lange Attack} 7. Nf1 (7. h3 Bg7 8. Bb3 O-O 9. Nf1 Ne7 10. h4 g4 11. N3h2 d5 12. f3 Ng6 13. fxg4 Nxh4 14. g3 {0-1 (32) Anand,V (2767)-Nepomniachtchi,I (2775) Zagreb 2019}) 7... g4 8. N3d2 d5 {The position is equal.} 9. exd5 Nxd5 10. Ne3 Nxe3 11. fxe3 f5 $146 (11... Qh4+ {with more complications.} 12. g3 Qe7 13. O-O Be6 14. b4 h5) ({Predecessor:} 11... Bg7 12. O-O O-O 13. b4 Ne7 14. Ne4 {½-½ (56) Quesada Perez,Y (2582)-Niemann,H (2423) Greensboro 2019}) 12. O-O Bd6 13. d4 Qe7 14. e4 f4 $1 15. Bd5 $1 h5 16. Nc4 Rf8 17. dxe5 Bxe5 18. Nxe5 Qxe5 19. Qd2 {[%cal Rf1f4]} Be6 20. Bxc6+ bxc6 21. Rxf4 Rxf4 22. Qxf4 Qxf4 23. Bxf4 $14 {[%mdl 4096] Endgame KRB-KRB} O-O-O 24. Kf2 Rd3 25. Rc1 c5 26. Ke2 c4 27. Be3 Bd7 28. Rf1 Bc6 29. Rf4 a6 (29... a5 $16) 30. Bd4 $18 a5 $2 (30... Bb5 31. e5 Kd7 32. Rf7+ Kc6 33. Rf6+ Kd5) 31. b3 {White is clearly winning.} Bb5 {[#] aiming for ...Rxd4!} 32. Rf5 $1 {[%cal Rf5b5]} c6 33. a4 Ba6 34. Rxa5 {Accuracy: White = 78%, Black = 40%.} 1-0

[Event "Superbet Rapid GCT 2019"]
[Site "Bucharest"]
[Date "2019.11.08"]
[Round "7.4"]
[White "Korobov, Anton"]
[Black "Aronian, Levon"]
[Result "1/2-1/2"]
[WhiteElo "2679"]
[BlackElo "2758"]
[Annotator "TA"]
[PlyCount "87"]
[EventDate "2019.11.06"]
[EventType "tourn"]
[EventCountry "ROU"]
[SourceTitle "playchess.com"]
[Source "ChessBase"]
[SourceQuality "1"]

{[%evp 16,87,20,18,25,-2,0,0,0,0,7,-12,18,12,14,3,21,0,2,-18,-20,-21,-8,-15,-19,-16,-16,-8,-8,-41,-48,-34,-6,-12,-10,-60,-19,-43,-35,-47,-9,-23,-25,-28,-24,-42,-40,-37,0,0,-4,-6,0,0,0,0,0,-5,0,0,0,0,0,-27,0,0,0,0,0,0,0,0,0,0]} 1. d4 Nf6 2. c4 e6 3. Nc3 Bb4 4. e3 O-O 5. Bd3 d5 6. Nf3 dxc4 7. Bxc4 c5 8. O-O Bd7 9. Qe2 Qc7 {E54: Nimzo-Indian: Rubinstein: Main Line: 7...dxc4 8 Bxc4} (9... Bc6 10. Rd1 cxd4 11. Nxd4 Qe7 12. Bd2 a6 13. e4 Rd8 14. Bg5 h6 15. Bh4 Bxc3 16. bxc3 g5 17. Bg3 Bxe4 {0-1 (46) Korobov,A (2687)-Yu,Y (2739) Hengshui 2019}) 10. Nb5 Bxb5 11. Bxb5 {a3 is the strong threat.} cxd4 12. Nxd4 $146 ({Predecessor:} 12. exd4 a6 13. Ba4 Qa5 14. Bb3 {½-½ (26) Gligoric,S-Kortschnoj,V Zagreb 1970}) 12... a6 13. Bd3 Nc6 14. Nxc6 Qxc6 15. a3 Bd6 16. Bd2 Rfd8 $36 {[%mdl 2048] Black has some pressure.} 17. f4 Bc5 {[#] aiming for ...Qd7.} 18. Rfd1 Nd5 {Hoping for ...Nxf4.} 19. Kh1 Qb6 {[%cal Rc5e3]} 20. e4 $1 {[%cal Re4d5]} Ne3 21. Bxe3 Bxe3 22. f5 exf5 23. exf5 Bf4 24. Qf3 Be5 25. Bc4 h6 26. Bd5 Rd7 27. Rab1 Re8 28. b4 Bf6 29. Re1 Red8 30. Rbd1 Qb5 {[%cal Rd7d5]} 31. Be4 b6 (31... Rxd1 {seems wilder.} 32. Rxd1 Rxd1+ 33. Qxd1 Bb2 34. f6 Bxf6 35. g3 b6) 32. Rxd7 Qxd7 33. g3 a5 34. bxa5 bxa5 35. Kg2 Qb5 36. Kh3 Qc4 37. Re2 a4 38. Rc2 Qb3 39. Rc7 (39. Kg2 {is more complex.} Kh7 40. Kh3 Kh8 41. Kg2 Kg8 42. Re2) 39... Qxf3 (39... Rd2 {keeps more tension.} 40. Rc8+ Bd8 41. Qxb3 axb3 42. Rb8 b2) 40. Bxf3 {The position is equal.} Bb2 41. Bh5 Rf8 42. Ra7 Bxa3 43. Rxa4 Bc5 44. Ra5 {Accuracy: White = 57%, Black = 65%.} 1/2-1/2

[Event "Superbet Rapid GCT 2019"]
[Site "Bucharest"]
[Date "2019.11.08"]
[Round "7.5"]
[White "Le, Quang Liem"]
[Black "So, Wesley"]
[Result "1/2-1/2"]
[WhiteElo "2708"]
[BlackElo "2767"]
[Annotator "TA"]
[PlyCount "104"]
[EventDate "2019.11.06"]
[EventType "tourn"]
[EventCountry "ROU"]
[SourceTitle "playchess.com"]
[Source "ChessBase"]
[SourceQuality "1"]

{[%evp 13,104,10,32,26,33,33,24,0,0,0,14,0,17,11,5,5,13,9,0,0,31,33,24,21,31,22,37,4,10,8,14,0,0,0,8,8,10,0,-17,-18,39,31,40,-6,0,0,0,0,0,0,34,28,21,25,25,18,32,37,55,11,11,0,29,29,171,75,105,108,110,100,85,78,78,77,388,388,364,354,335,0,0,-666,0,0,0,0,0,0,0,0,0,0,-488]} 1. d4 d5 2. c4 c6 3. Nf3 Nf6 4. e3 Bg4 5. h3 Bh5 6. Nc3 e6 7. g4 Bg6 8. Ne5 {D11: Slav Defence: 3 Nf3 sidelines and 3...Nf6 4 e3 Bg4} Nbd7 9. Nxg6 hxg6 10. Bd2 $146 {White has an edge.} (10. g5 Ne4 11. Nxe4 dxe4 12. Qb3 Qb6 13. h4 Bb4+ 14. Ke2 c5 15. Bg2 f5 16. gxf6 gxf6 {1-0 (57) Nihal,S (2576)-Vitiugov,N (2719) St Petersburg 2018}) 10... Bb4 11. cxd5 exd5 12. f3 Qe7 13. Qc2 O-O-O 14. O-O-O Kb8 15. Kb1 Nb6 16. a3 Bxc3 (16... Bd6 {looks sharper.} 17. e4 dxe4 18. fxe4 Nxg4 19. Bc1 Bc7) 17. Qxc3 Ne8 18. Be1 Nd6 19. Bg3 Ka8 20. Rh2 g5 21. Re2 Rh6 22. Qd3 Re6 23. Bg2 Nb5 24. Bf2 Nd7 25. Qc2 Nf8 26. Ree1 Qf6 ({Better is} 26... Ng6 $11) 27. a4 $14 Nc7 28. e4 Ng6 29. e5 Qe7 30. Bf1 Rh8 31. Qd2 f6 {[%cal Rf6e5]} 32. Bd3 Qf7 33. Bf5 Ree8 34. exf6 gxf6 35. Rxe8+ Rxe8 36. Re1 (36. Bg3 $5 {[%cal Rg3c7]} Ne6 37. Re1 $14) 36... Ne6 37. Bg3 a6 38. Ka2 Nh4 (38... Nef4 $11 {and Black has nothing to worry.}) 39. Bxe6 (39. Bxh4 $1 $18 {is more deadly.} gxh4 40. Qh6) 39... Rxe6 $16 40. Qa5 $36 {[%mdl 2048] Intending Qd8+ and mate. Black is under strong pressure.} Re8 41. Qc7 Qg8 {[#]} 42. Re7 $1 Rxe7 43. Qxe7 Qh8 $2 {[%mdl 8192]} (43... Nxf3 $16 {is a better chance.} 44. Qxf6 Nd2) 44. Bc7 Nxf3 45. Qd7 Nxd4 {[#]} 46. Bd8 $2 ({White has to play} 46. h4 $1 $18) 46... Qxh3 $11 47. Qc8+ Ka7 {Strongly threatening ...Qb3+.} 48. a5 $1 {[%csl Ga5][%cal Rd8b6] The position is equal.} Qb3+ 49. Kb1 $1 {Threatens to win with Bb6+.} Qd3+ $2 {[%mdl 8192]} (49... Qd1+ $11 50. Ka2 Qa4+ 51. Kb1 Qc2+ 52. Ka2 Qa4+ 53. Kb1 Qc2+ 54. Ka2 Qa4+) 50. Ka2 $19 {[%csl Ga5][%cal Rd8b6]} Qc4+ 51. Kb1 $1 {[%csl Ga5][%cal Rd8b6]} Qc2+ 52. Ka2 {[%csl Ga5][%cal Rd8b6]} Qa4+ {[%mdl 32768] Accuracy: White = 73%, Black = 60%. . An unexpected result.} 1/2-1/2

[Event "Superbet Rapid GCT 2019"]
[Site "Bucharest"]
[Date "2019.11.08"]
[Round "8.1"]
[White "Karjakin, Sergey"]
[Black "Anand, Viswanathan"]
[Result "1-0"]
[WhiteElo "2760"]
[BlackElo "2765"]
[Annotator "TA"]
[PlyCount "139"]
[EventDate "2019.11.06"]
[EventType "tourn"]
[EventCountry "ROU"]
[SourceTitle "playchess.com"]
[Source "ChessBase"]
[SourceQuality "1"]

{[%evp 13,139,13,21,21,14,8,13,8,14,13,13,0,10,12,9,0,15,7,2,0,0,0,6,0,0,0,6,-16,4,0,6,8,28,14,8,4,8,12,13,0,37,28,74,39,37,22,33,25,25,21,33,31,28,0,36,36,36,36,36,36,71,28,28,8,8,2,2,4,8,0,0,0,0,0,0,0,8,8,8,8,8,8,8,8,8,8,8,8,8,8,90,91,91,91,91,91,86,91,337,331,317,315,308,308,146,233,206,0,0,6,1176,587,1776,1712,1662,1639,1531,1193,1374,1321,2016,1931,5089,4349,29954,5126,5218,5106]} 1. e4 e5 2. Nf3 Nc6 3. Bc4 Bc5 4. c3 Nf6 5. d3 O-O 6. O-O d6 7. h3 a6 8. a4 {C54: Giuoco Piano: 4 c3 Nf6, main lines with 5 d4 and 5 d3} h6 9. Nbd2 a5 10. Re1 {The position is equal.} Be6 11. Bxe6 (11. b3 d5 12. exd5 Nxd5 13. Ne4 Bb6 14. Ra2 f5 15. Ng3 Qf6 16. Nxe5 Nxe5 {½-½ (40) Ding,L (2813)-Anand,V (2773) Wijk aan Zee 2019}) 11... fxe6 12. Nf1 Qe8 $146 ({Predecessor:} 12... Nh5 13. Be3 Bxe3 14. fxe3 b6 15. N1d2 d5 {½-½ (32) Cvak,R (2322)-Ferre Perez,A (2118) ICCF email 2016}) 13. Be3 Nd7 14. Ng3 Bxe3 15. Rxe3 Qf7 16. Qb3 Nc5 17. Qc2 Rab8 18. Rf1 Qd7 19. Nd2 Ne7 20. Ra1 Ng6 21. Ne2 b5 {[%cal Rb5a4]} 22. d4 Nxa4 23. b3 Nb6 24. Rxa5 Ra8 25. Rxa8 Rxa8 26. Nf3 Qc6 27. dxe5 {Threatens to win with Nfd4.} Nxe5 28. Nxe5 (28. Ned4 $5 {[%cal Rd4c6]} Ra1+ 29. Kh2 $14) 28... dxe5 29. Nc1 Nd7 30. Nd3 Qd6 31. b4 c5 32. bxc5 Nxc5 33. Qe2 Rd8 {[%cal Rc5d3]} 34. Nxc5 Qxc5 $14 {[%mdl 4096] Endgame KQR-KQR} 35. Qg4 Qe7 36. Qh5 Qg5 37. Qe2 Kh7 38. g3 Rb8 $1 39. Qb2 Qe7 40. Kg2 Qc5 41. Qa2 Qc4 42. Qa7 Rf8 43. Qa3 Rf7 44. Qd6 Qa2 45. Rf3 Rxf3 $1 46. Kxf3 $11 {KQ-KQ} Qb3 47. Qc5 Kg6 $1 48. h4 Kf6 49. Qf8+ Kg6 50. h5+ Kh7 51. Qc5 Qd1+ (51... b4 $1 $11 {remains equal.}) 52. Kg2 $16 Qxh5 53. Qxb5 Qg5 54. Qd7 Qg6 55. Qd3 $1 h5 $2 (55... Qf6 $16 {is a better defense.}) 56. c4 $18 h4 57. c5 hxg3 58. fxg3 Qe8 {[#]} 59. Qc3 $1 {And now c6 would win.} Qa4 60. Kf3 $2 ({Resist} 60. Qxe5 $6 Qc4 $16) (60. c6 $18 Qxe4+ 61. Kf2 Qf5+ 62. Ke3 Qg5+ 63. Ke2 Qh5+ 64. Ke3 Qg5+ 65. Ke2 Qh5+ 66. Qf3 Qh2+ 67. Kd3) 60... Qd1+ $11 61. Kf2 {aiming for c6.} Qd7 $2 {[%mdl 8192] [#]} (61... Qh5 $11) 62. c6 $1 $18 {[%cal Rc6d7]} Qc7 63. Qc5 Kg6 64. Ke3 Kg5 65. Kd3 Kg4 66. Kc4 Kxg3 67. Kb5 Kf4 68. Qb6 Qd6 69. c7 Qd3+ 70. Kc6 {Accuracy: White = 67%, Black = 45%.} 1-0

[Event "Superbet Rapid GCT 2019"]
[Site "Bucharest"]
[Date "2019.11.08"]
[Round "8.2"]
[White "So, Wesley"]
[Black "Aronian, Levon"]
[Result "0-1"]
[WhiteElo "2767"]
[BlackElo "2758"]
[Annotator "TA"]
[PlyCount "64"]
[EventDate "2019.11.06"]
[EventType "tourn"]
[EventCountry "ROU"]
[SourceTitle "playchess.com"]
[Source "ChessBase"]
[SourceQuality "1"]

{[%evp 12,66,10,13,20,7,19,10,29,35,35,36,29,25,19,15,66,9,77,82,81,49,56,20,13,-12,0,-131,-133,-131,-130,-125,-136,-129,-129,-127,-134,-125,-130,-133,-116,-921,-904,-850,-847,-825,-822,-29987,-29988,-29988,-12803,-5883,-1883,-1370,-841,-29993,-29994]} 1. e4 e5 2. Nf3 Nc6 3. Bc4 Nf6 4. d3 Bc5 5. c3 d6 6. O-O O-O 7. Re1 Bb6 {C54: Giuoco Piano: 4 c3 Nf6, main lines with 5 d4 and 5 d3} 8. a4 Ng4 $146 ({Predecessor:} 8... a5 9. h3 Ne7 10. d4 Ng6 11. Bd3 c6 12. Be3 h6 13. Nbd2 Be6 14. Qc2 Bc7 15. Rad1 {0-1 (53) Vachier Lagrave,M (2789)-Alekseev,E (2616) Riadh 2017}) 9. Rf1 Kh8 {The position is equal.} 10. h3 Nh6 11. b4 {[%cal Bb2b4,Bb4b5][%mdl 32] Hoping for a5.} a6 12. Bb3 f5 13. Nbd2 Qf6 (13... Nf7 $11) 14. Ra2 (14. Nc4 $14) 14... a5 (14... Ba7 $11) 15. b5 $16 Nd8 16. Nc4 fxe4 17. dxe4 Bc5 18. Bg5 Qg6 19. Bxd8 (19. Kh1 $1 $11) 19... Bxh3 $1 $17 {[%csl Gh3][%cal Rg6g2]} 20. Bg5 Bg4 $1 {[%cal Rg4f3]} 21. Ncd2 Rxf3 $1 22. Nxf3 {Bxh6 is the strong threat.} Rf8 $1 {Threatens to win with ...Bxf3.} 23. Nxe5 Qxg5 24. Nxg4 Nxg4 25. Be6 Ne5 $40 {[%mdl 1152] Strongly threatening ...Nf3+. Black has strong compensation. Black is out for blood.} 26. Kh1 $2 {[%mdl 8192]} (26. Bh3 $17) 26... Qh4+ $19 27. Kg1 Rf6 28. Bh3 g5 29. Qd5 g4 30. Qxb7 gxh3 (30... Rf8 $142 31. Kh1 gxh3 32. g3 Qg4 33. f3 Qxg3 34. Qxc7 Rg8 35. Qe7 {[#]} Qg2+ $1 {[%mdl 576] Promotion} 36. Rxg2 hxg2+ 37. Kh2 Nxf3+ $1 {[%mdl 576] Deflection, Promotion} 38. Rxf3 g1=Q+ 39. Kh3 Qh1#) 31. Qc8+ Kg7 {( -> ...Nf3+!)} 32. Qxh3 {[#]} Qf4 {Played: Ne5-f3} 0-1

[Event "Superbet Rapid GCT 2019"]
[Site "Bucharest"]
[Date "2019.11.08"]
[Round "8.3"]
[White "Giri, Anish"]
[Black "Korobov, Anton"]
[Result "1/2-1/2"]
[WhiteElo "2780"]
[BlackElo "2679"]
[Annotator "TA"]
[PlyCount "63"]
[EventDate "2019.11.06"]
[EventType "tourn"]
[EventCountry "ROU"]
[SourceTitle "playchess.com"]
[Source "ChessBase"]
[SourceQuality "1"]

{[%evp 19,63,48,68,68,71,74,75,38,108,102,105,100,92,70,140,61,120,80,81,81,269,250,254,262,251,273,276,277,382,92,89,90,156,0,0,0,10,0,0,0,0,0,0,0,0,0]} 1. e4 c5 2. Nf3 d6 3. d4 cxd4 4. Nxd4 Nf6 5. Nc3 a6 6. Bg5 e6 7. f4 Qc7 8. Bxf6 gxf6 9. Qf3 Nc6 10. O-O-O Bd7 11. Nxc6 {B96: Sicilian Najdorf: 6 Bg5 e6 7 f4, lines other than 7...Qb6 and 7...Be7} (11. Be2) 11... Qxc6 12. f5 Qc5 13. fxe6 {White is better.} Qg5+ (13... fxe6 $14 14. Qxf6 Rg8) 14. Kb1 $16 fxe6 15. Bc4 O-O-O $146 ({Predecessor:} 15... Qe5 16. Bb3 Be7 17. Ne2 Rg8 18. Nf4 {½-½ (30) Halwick,F-Raffaele,E (2353) IECC email 2002}) 16. Rhf1 Be7 ({Black should play} 16... Kb8 $14) 17. e5 (17. Ne2 $16) 17... d5 ({Better is} 17... fxe5 $14 18. Ne4 {[%mdl 64] Double Attack} Qg7) 18. Bxd5 exd5 19. Nxd5 {[%mdl 64] Double Attack} Bg4 $2 (19... Kb8 $16 20. Nxe7 fxe5) 20. Nxe7+ $18 Kb8 21. Rxd8+ Rxd8 22. Qxf6 Qd2 23. a3 $1 Be2 {[#]} 24. Rg1 $2 (24. Rf4 $1 $18 {and the rest is easy.}) 24... Bd1 $16 25. Ka2 {Qb6 is the strong threat.} Bxc2 {[#]} 26. e6 $2 (26. Qb6 $1 $16 {aiming for Nc6+.} Ka8 27. Rf1) 26... Rd3 $1 $11 {The position is equal.} 27. Ka1 {Hoping for Qe5+.} Bb3 28. Rb1 {And now Nc6+! would win.} Qc2 $1 {[%cal Rc2b1]} 29. Qf8+ Ka7 $1 30. Nc8+ Kb8 31. Ne7+ Ka7 $1 {( -> ...Qxb1+!)} 32. Nc8+ {Accuracy: White = 58%, Black = 46%.} 1/2-1/2